000
00329nam a2200133Ia 4500
008
100328s9999 xx 000 0 und d
082
_b
17812
100
_a
शेखर
245
_a
सुहाग
260
_b
शिक्षा भारती
630
_a
सुहाग
730
_a
सुहाग
942
_c
BOOK
999
_c
512303
_d
512300